00262nam a2200097Ia 4500082000800000245002500008100006400033942000700097008004100104999001900145 aMUR 0aMan met die geel oe  a MURRAY, Ena Pretoria, 1990 Grootdrukuitg 98644 cBK210817s9999 xx 000 0 und d c388573d388572